| 000 | 00420nam a2200157Ia 4500 | ||
|---|---|---|---|
| 008 | 230917s9999||||xx |||||||||||||| ||und|| | ||
| 040 |
_e103640 _aMAIN |
||
| 041 | _aEnglish | ||
| 082 | _a658.3 R18P | ||
| 100 | _aRao, P Subba | ||
| 245 | 0 | _aPersonnel and human resource management: Text and cases | |
| 250 | _a2nd rev ed. | ||
| 260 |
_aNew Delhi _bHimalaya Publishing House _c2002 |
||
| 300 | _a447 p. | ||
| 942 | _cBK | ||
| 999 |
_c111082 _d111082 |
||